Statistics for English words of Foreign Origin

Click here to take the quiz!

General Stats

  • This quiz has been taken 783 times
  • The average score is 12 of 21

Answer Stats

WordLanguage% Correct
VodkaRussian
98%
OrigamiJapanese
88%
SilhouetteFrench
83%
WokCantonese
78%
AlohaHawaiian
78%
FjordNorwegian
77%
TaekwondoKorean
71%
SmorgasbordSwedish
67%
SaunaFinnish
66%
KiwiMāori
56%
KitschGerman
55%
BoomerangAustralian Aboriginal
54%
BimboItalian
49%
KlutzYiddish
46%
WildebeestAfrikaans
42%
PaprikaHungarian
40%
QuinoaSpanish
40%
CorgiWelsh
37%
PolkaCzech
31%
TangerineArabic
20%
TabooTongan
5%

Score Distribution

Percentile by Number Answered

Percent of People with Each Score

Your Score History

You have not taken this quiz